Language Quiz

Random Language Quiz

Name That Homophone Quiz Stats

 Plays Quiz not verified by Sporcle

Challenge
Share
Tweet
Embed
Score 0/40 Timer 02:00
0 Plays Today
Word Homophone % Correct
BareBear
96.5%
TaleTail
96.5%
KnewNew
96.5%
They'reThere
95.3%
BrakeBreak
94.2%
SailSale
92.4%
HereHear
88.3%
NightKnight
87.7%
HiHigh
87.7%
Not Knot
86.5%
BeBee
86.5%
AteEight
86.5%
NoneNun
86%
MadeMaid
86%
ButtBut
86%
DeerDear
86%
ScentCent
84.2%
IEye
84.2%
SeaSee
84.2%
HeelHeal
83.6%
Word Homophone % Correct
BlewBlue
83%
HeyHay
82.5%
FourFor
81.9%
ProphetProfit
81.3%
FleaFlee
80.7%
AntAunt
80.1%
RightWrite
80.1%
SellerCellar
79.5%
WholeHole
79.5%
WouldWood
78.9%
WeakWeek
78.9%
MaleMail
78.4%
ChewsChoose
77.2%
RomeRoam
73.7%
PreyPray
72.5%
HeardHerd
70.8%
PearPair
69.6%
OneWon
67.8%
ShootChute
66.7%
RowsRose
66.7%

You're not logged in!

Compare scores with friends on all Sporcle quizzes.
Join for Free
OR
Log In

You Might Also Like...

Show Comments

Extras

Created May 3, 2011ReportNominate
Tags:homophone

Top Quizzes Today


Score Distribution

Your Account Isn't Verified!

In order to create a playlist on Sporcle, you need to verify the email address you used during registration. Go to your Sporcle Settings to finish the process.

Report this User

Report this user for behavior that violates our Community Guidelines.

Details: